|
|
|
|
| LEADER |
00000cam a22000004a 4500 |
| 001 |
musev2_9255 |
| 003 |
MdBmJHUP |
| 005 |
20230905041044.0 |
| 006 |
m o d |
| 007 |
cr||||||||nn|n |
| 008 |
000601s2000 utu o 00 0 eng d |
| 010 |
|
|
|z 00009804
|
| 020 |
|
|
|a 9780874213331
|
| 020 |
|
|
|z 9780874214062
|
| 035 |
|
|
|a (OCoLC)51978103
|
| 040 |
|
|
|a MdBmJHUP
|c MdBmJHUP
|
| 050 |
0 |
4 |
|a PS3552.E53956
|b A79 2000
|
| 082 |
0 |
|
|a 811/.54
|2 21
|
| 100 |
1 |
|
|a Benedict, Elinor,
|d 1931-
|
| 245 |
1 |
0 |
|a All That Divides Us :
|b Poems /
|c by Elinor Benedict.
|
| 264 |
|
1 |
|a Logan :
|b Utah State University Press,
|c 2000.
|
| 264 |
|
3 |
|a Baltimore, Md. :
|b Project MUSE,
|c 2012
|
| 264 |
|
4 |
|c ©2000.
|
| 300 |
|
|
|a 1 online resource (79 pages).
|
| 336 |
|
|
|a text
|b txt
|2 rdacontent
|
| 337 |
|
|
|a computer
|b c
|2 rdamedia
|
| 338 |
|
|
|a online resource
|b cr
|2 rdacarrier
|
| 506 |
0 |
|
|a Open Access
|f Unrestricted online access
|2 star
|
| 588 |
|
|
|a Description based on print version record.
|
| 655 |
|
7 |
|a Electronic books.
|2 local
|
| 710 |
2 |
|
|a Project Muse.
|e distributor
|
| 830 |
|
0 |
|a Book collections on Project MUSE.
|
| 856 |
4 |
0 |
|z Texto completo
|u https://projectmuse.uam.elogim.com/book/9255/
|
| 945 |
|
|
|a Project MUSE - Archive Complete Foundation
|
| 945 |
|
|
|a Project MUSE - Archive Poetry, Fiction and Creative Non-Fiction Foundation
|